000 00726nam a2200253Ia 4500
003 OSt
005 20220925175640.0
006 a|||||r|||| 00| 0
007 ta
008 220923b |||||||| |||| 00| 0 eng d
020 _a0521346185
037 _cGeneral Book
040 _aRTL
_cRTL
_beng
041 _2eng
_aeng
082 _aW81.53.M, N0
100 _aBaker Keith Michael
_9249370
245 0 _aInventing the French revolution
_bEssays on French
260 _aCambridge
_bCambridge University Press
_c1990
300 _ax,372p
_ccm.
490 _aIdeas in Context
650 _aRevolution
_9230303
942 _hW81.53.M, N0
_cGB
_2CC
999 _c494122
_d494122